000 00259nam a22001097a 4500
082 _a823
_bORI/P
100 _aORIENT LONGMAN
245 _aTHE PRINCESS AND THE PEA
260 _aHYDERABAD
_bORIENT LONGMAN
_c1992
650 _aPASSAGE LEAFLETS
_zINDIA
942 _cBK
999 _c4302
_d4302